000 00337nam a2200133Ia 4500
008 240624s9999 xx 000 0 und d
041 _aeng
082 _a658.827 CHI
100 _aCHIARAVALLE BILL
245 _aBRANDING FOR DUMMIES
260 _c2007
_aNew Delhi
_bWiley India
300 _axviii, : 364 : p. : cm. ; 23
365 _c
_b20
999 _c16030
_d16030